DREJTIM FINANCIAR 2 (Record no. 36121)
[ view plain ]
| 000 -LEADER | |
|---|---|
| fixed length control field | 00247nam a22001217a 4500 |
| 008 - FIXED-LENGTH DATA ELEMENTS--GENERAL INFORMATION | |
| fixed length control field | 171027b xxu||||| |||| 00| 0 eng d |
| 041 ## - LANGUAGE CODE | |
| Language code of text/sound track or separate title | alb |
| 080 ## - UNIVERSAL DECIMAL CLASSIFICATION NUMBER | |
| Universal Decimal Classification number | 336 |
| 100 ## - Rafti | |
| Rafti | 56 |
| 101 ## - Shkurtesa | |
| Shkurtesa | FIN |
| 245 ## - TITLE STATEMENT | |
| Title | DREJTIM FINANCIAR 2 |
| 942 ## - ADDED ENTRY ELEMENTS (KOHA) | |
| Source of classification or shelving scheme | |
| Item type | Books |
No items available.